00364 a2200109 4500001001000000005001700010008004100027245007700068100002000145773007200165999001700237ART_1199820260410161902.0260409a 10aOptimal linear income taxation with general equilibrium effects on wages1 aAllen, Franklin0 tJournal of public economicsg- Vol. 17, NÂș 2 (mar. 1982)wREV11485 c25990d25990